Las transformaciones en la estructura social costarricense a finales del siglo XX (estratos socioocupacionales en el período 1987-2000) /
Uloženo v:
| Hlavní autor: | |
|---|---|
| Korporativní autor: | |
| Další autoři: | , |
| Médium: | Neznámo |
| Vydáno: |
San José:
Editorial de la Universidad de Costa Rica,
|
| Témata: | |
| Tagy: |
Přidat tag
Žádné tagy, Buďte první, kdo vytvoří štítek k tomuto záznamu!
|
MARC
| LEADER | 00000 a2200000 04500 | ||
|---|---|---|---|
| 001 | 35336 | ||
| 003 | cru CIDCACS/IIS | ||
| 005 | 20171110142204.0 | ||
| 008 | 991231s d | ||
| 999 | |c 1593 |d 1593 | ||
| 020 | |a 9968-936-52-9 | ||
| 040 | |c CIDCACS/IIS | ||
| 090 | |a 05.03.05 C367t | ||
| 100 | |a Castro Valverde, Carlos | ||
| 110 | |a Universidad de Costa Rica. Facultad de Ciencias Sociales. Instituto de Investigaciones Sociales | ||
| 245 | |a Las transformaciones en la estructura social costarricense a finales del siglo XX (estratos socioocupacionales en el período 1987-2000) / |c Carlos Castro Valverde, Ana Lucía Gitiérrez Espeleta y Carlos Rafael Rodríguez Solera | ||
| 260 | |a San José: |b Editorial de la Universidad de Costa Rica, | ||
| 300 | |a Páginas 117-166 | ||
| 650 | |a EDUCACION | ||
| 650 | |a EMPLEO | ||
| 650 | |a DESIGUALDAD SOCIAL | ||
| 650 | |a ADULTOS | ||
| 650 | |a GENERO | ||
| 650 | |a COSTA RICA | ||
| 650 | |a NIVEL DE INSTRUCCION | ||
| 650 | |a EDUCACION | ||
| 650 | |a POBLACION ASALARIADA | ||
| 650 | |a HORAS TRABAJADAS | ||
| 700 | |a Gutiérrez Espeleta, Ana Lucía | ||
| 700 | |a Rodríguez Solera, Carlos Rafael | ||
| 942 | |2 ddc |c LI | ||
| 773 | 0 | |0 2969 |9 18 |a Castro Valverde, Carlos |d San José: Editorial de la Universidad de Costa Rica, |o 03299 |t Transformaciones en la estructura social en Costa Rica. Estratos socioocupacionales, educación y trabajo / |w (cru CIDCACS/IIS)35337 |z 9968936529 | |



